[Event "World Blitz 2018"]
[Site "St Petersburg RUS"]
[Date "2018.12.30"]
[Round "20.12"]
[White "Nihal, Sarin"]
[Black "Zubov, Alexander"]
[Result "1-0"]
[WhiteTitle "GM"]
[BlackTitle "GM"]
[WhiteElo "2576"]
[BlackElo "2597"]
[WhiteFideId "25092340"]
[BlackFideId "14109409"]
[EventDate "2018.12.29"]
[EventType "blitz"]

1. e4 Nc6 2. Nf3 d6 3. d4 Nf6 4. Nc3 g6 5. d5 Nb8 6. h3 Bg7 7. Bd3 O-O 8. O-O e5
9. dxe6 Bxe6 10. Re1 Nc6 11. Bg5 h6 12. Bf4 Nd7 13. Qd2 Kh7 14. Rad1 Nde5 15.
Nxe5 dxe5 16. Be3 Qh4 17. Nd5 Rac8 18. c3 f5 19. f3 Rf7 20. Bf2 Qd8 21. Bc4 Rd7
22. Qc2 Na5 23. Bd3 f4 24. Qe2 c6 25. Nb4 Qc7 26. b3 Rcd8 27. Bc2 b6 28. Rxd7
Rxd7 29. Rd1 Bf8 30. Rxd7+ Qxd7 31. Nd3 Bd6 32. Qd1 Qe7 33. Nb2 Bc5 34. b4 Bxf2+
35. Kxf2 Nb7 36. Bb3 Nd6 37. Bxe6 Qxe6 38. Qb3 Qd7 39. Ke2 Kg7 40. Nd3 Nf7 41.
Qd1 g5 42. Nf2 Qe6 43. Qb3 Qe7 44. a4 h5 45. Nd3 Kf6 46. Qc4 Qd7 47. Qb3 g4 48.
hxg4 hxg4 49. Nf2 g3 50. Nd3 Qd8 51. Qc4 Qd7 52. Qb3 Kg7 53. Qa2 Qe7 54. Qc4 Qd6
55. Qa2 Kf6 56. Qc4 Ke7 57. Qa6 Qd7 58. Qc4 Kd8 59. a5 Ke7 60. Qxf7+ Kxf7 61.
Nxe5+ Ke7 62. Nxd7 Kxd7 63. axb6 axb6 64. Kd3 Kd6 65. Kd4 Ke6 66. c4 Kf6 67. b5
cxb5 68. cxb5 Ke6 69. e5 1-0

[Event "World Blitz 2018"]
[Site "St Petersburg RUS"]
[Date "2018.12.30"]
[Round "20.15"]
[White "Maghsoodloo, Parham"]
[Black "Yu, Yangyi"]
[Result "1-0"]
[WhiteTitle "GM"]
[BlackTitle "GM"]
[WhiteElo "2688"]
[BlackElo "2764"]
[WhiteFideId "12539929"]
[BlackFideId "8603820"]
[EventDate "2018.12.29"]
[EventType "blitz"]

1. d4 Nf6 2. Nf3 d5 3. Bf4 g6 4. e3 Bg7 5. h3 O-O 6. c3 c5 7. Nbd2 b6 8. a4 Nc6
9. Ne5 Bb7 10. Bb5 Nxe5 11. Bxe5 c4 12. a5 a6 13. Ba4 b5 14. Bc2 Bh6 15. g4 Qd7
16. f4 Bg7 17. g5 Nh5 18. Bxg7 Kxg7 19. Qg4 f5 20. Qh4 Rh8 21. Nf3 Qe6 22. Ne5
Nf6 23. Qh6+ Kg8 24. gxf6 exf6 25. h4 fxe5 26. fxe5 Kf7 27. h5 Rag8 28. hxg6+
hxg6 29. Qxh8 Rxh8 30. Rxh8 Kg7 31. Rh2 g5 32. Kf2 Bc8 33. Rah1 Qg6 34. Rh8 Be6
35. Kf3 Bg8 36. R8h6 Qxh6 37. Rxh6 Kxh6 38. Bxf5 Bf7 39. Bc8 Kh5 1-0

[Event "World Blitz 2018"]
[Site "St Petersburg RUS"]
[Date "2018.12.30"]
[Round "20.25"]
[White "Mikhalevski, Victor"]
[Black "Van Foreest, Jorden"]
[Result "0-1"]
[WhiteTitle "GM"]
[BlackTitle "GM"]
[WhiteElo "2579"]
[BlackElo "2614"]
[WhiteFideId "2801914"]
[BlackFideId "1039784"]
[EventDate "2018.12.29"]
[EventType "blitz"]

1. d4 d5 2. c4 c6 3. cxd5 cxd5 4. Bg5 Nc6 5. Nc3 f6 6. Bh4 Nh6 7. e4 dxe4 8. d5
Nf5 9. dxc6 Qxd1+ 10. Rxd1 Nxh4 11. Bb5 Kf7 12. c7 Nxg2+ 13. Kf1 Nf4 14. Rd8 g5
15. Be8+ Ke6 16. Nge2 Bg7 17. Rg1 Nxe2 18. Kxe2 Ke5 19. h4 Bh6 20. h5 a6 21. Ke1
g4 22. Na4 b5 23. Nb6 Ra7 24. Rxc8 Kd6 25. Bf7 Rxc7 26. Rxc7 Kxc7 27. Nd5+ Kd6
28. Ne3 Bxe3 29. fxe3 f5 30. Kf2 e6 31. h6 Rf8 32. Bh5 Rf6 33. Rd1+ Ke5 34. Kg2
Rxh6 35. Be8 Rh3 36. Re1 h5 37. b4 h4 38. Bc6 Rg3+ 39. Kf2 Rf3+ 40. Ke2 h3 41.
Rh1 f4 42. exf4+ Kxf4 43. Bd7 Ra3 44. Bxe6 Rg3 45. Kd2 Rg2+ 46. Kc3 h2 47. Bd5
g3 48. Rf1+ Rf2 49. Re1 g2 50. Rxe4+ Kf5 51. Re1 g1=Q 52. Kd4 0-1

[Event "World Blitz 2018"]
[Site "St Petersburg RUS"]
[Date "2018.12.30"]
[Round "20.37"]
[White "Grachev, Boris"]
[Black "Shirov, Alexei"]
[Result "1/2-1/2"]
[WhiteTitle "GM"]
[BlackTitle "GM"]
[WhiteElo "2626"]
[BlackElo "2643"]
[WhiteFideId "4129199"]
[BlackFideId "2209390"]
[EventDate "2018.12.29"]
[EventType "blitz"]

1. d4 d5 2. Nf3 Nf6 3. Bf4 c5 4. e3 cxd4 5. exd4 Nc6 6. c3 Bf5 7. Qb3 Qc8 8.
Nbd2 h6 9. h3 e6 10. Be2 Be7 11. O-O O-O 12. Rfe1 Ne4 13. Nxe4 Bxe4 14. Nd2 Bg6
15. a4 a5 16. Nb1 Rd8 17. Na3 Bd6 18. Bxd6 Rxd6 19. Nb5 Rd8 20. Qd1 Qd7 21. Bd3
Bxd3 22. Qxd3 Na7 23. Nxa7 Rxa7 24. Ra3 Rc8 25. Rea1 Rc4 26. Qg3 Ra8 27. Rb3
Rxa4 28. Rxa4 Qxa4 29. Rxb7 Qe8 30. Qd6 a4 31. g3 Qf8 32. Qc7 Rc8 33. Qa5 Ra8
34. Qc7 Rc8 35. Qd7 Ra8 36. Rc7 Rb8 37. Kg2 Qe8 38. Qxe8+ Rxe8 39. Rb7 Rc8 40.
Ra7 Rb8 41. Rxa4 Rxb2 42. Ra7 g5 43. Rc7 Rc2 44. Kf3 Kg7 45. Ke3 Kg6 46. g4 Rc1
47. Kf3 Rh1 48. Kg2 Rd1 49. Rc5 Rd3 50. Rc6 h5 51. Rc8 h4 52. Rg8+ Kf6 53. Rc8
Kg7 54. Rc5 Kg6 55. Rc6 Rd2 56. Kf3 Rd1 57. Kg2 Rd3 58. Rc8 f5 59. Rg8+ Kf6 60.
gxf5 Kxf5 61. Rc8 Kf6 62. Rc7 Rd2 63. Kf3 Rd1 64. Kg2 Rd3 65. Kh2 Kf5 66. Kg2 g4
67. hxg4+ Kxg4 68. Rg7+ Kf5 69. Rh7 Kg5 70. Rg7+ Kf4 71. Rh7 h3+ 72. Rxh3 Rd2
73. Re3 Kf5 74. Re5+ Kf6 75. Re3 Rc2 76. Kg3 Kf5 77. Rf3+ Kg5 78. Rd3 Kf5 79.
Re3 Kf6 80. f3 Kf5 81. Re5+ Kf6 82. Re3 Kf5 83. Rd3 Re2 84. Rd1 Rc2 85. Rd3 1/2-1/2

[Event "World Blitz 2018"]
[Site "St Petersburg RUS"]
[Date "2018.12.30"]
[Round "20.39"]
[White "Popov, Ivan RUS"]
[Black "Riazantsev, Alexander"]
[Result "1/2-1/2"]
[WhiteTitle "GM"]
[BlackTitle "GM"]
[WhiteElo "2592"]
[BlackElo "2649"]
[WhiteFideId "4170350"]
[BlackFideId "4125029"]
[EventDate "2018.12.29"]
[EventType "blitz"]

1. e4 e6 2. d4 d5 3. Nc3 Bb4 4. exd5 exd5 5. Bd3 Nf6 6. Ne2 O-O 7. O-O c6 8. Ng3
Re8 9. h3 Nbd7 10. Qf3 Nf8 11. Bg5 Be7 12. Rae1 Ne6 13. Be3 Bf8 14. Nf5 Bd7 15.
Qg3 Kh8 16. Nd6 Bxd6 17. Qxd6 Qb8 18. Qxb8 Raxb8 19. Ne2 Nf8 20. Bf4 Rbc8 21.
Ng3 Ng6 22. Bd6 Nh4 23. Be7 Bxh3 24. Bxf6 Rxe1 25. Bxh4 Rxf1+ 26. Kxf1 Be6 27.
Be7 Kg8 28. Bd6 g6 29. Ne2 f6 30. Nf4 Kf7 31. Nxe6 Kxe6 32. Bg3 Re8 33. f3 a6
34. a4 Kf7 35. a5 h5 36. Kf2 Re6 37. Bc7 Re7 38. Bd6 Re6 39. Bb4 Re8 40. b3 Rd8
41. Bc5 Rg8 42. c3 Ke6 43. Ba3 h4 44. Bc1 g5 45. g4 hxg3+ 46. Kxg3 Rh8 47. Kg2
Rh4 48. Be3 Rh8 49. Bf2 Rc8 50. b4 Rh8 51. Bg3 Rh6 52. Bf2 Rh8 53. Bf1 f5 54.
Bd3 Kf6 55. Bg3 f4 56. Bf2 Re8 57. Kf1 Rh8 58. Bg1 Re8 59. Bf2 Re7 60. Kg2 Re8
61. Kh3 Rh8+ 62. Kg2 Re8 63. Kf1 Rh8 64. Kg1 Re8 65. Bf1 Re7 66. Bd3 Re8 67. Kf1
Rh8 68. Kg2 Re8 69. Kf1 Re7 70. Kg2 Re8 71. Kf1 Rh8 72. Kg2 Rg8 73. Kh3 Rh8+ 74.
Kg2 Ke6 75. Kf1 Rh1+ 76. Bg1 Kf6 77. Kg2 Rh8 78. Bf2 Re8 79. Kf1 Rg8 80. Be2 Kg6
81. Bd3+ Kf6 82. Be2 Re8 83. Bd1 Re7 84. Be2 Re8 85. Bd3 Re7 86. Kg1 Re8 87. Kg2
Re7 88. Kg1 Re8 1/2-1/2

[Event "World Blitz 2018"]
[Site "St Petersburg RUS"]
[Date "2018.12.30"]
[Round "20.50"]
[White "Antipov, Mikhail Al."]
[Black "Sakaev, Konstantin"]
[Result "0-1"]
[WhiteTitle "GM"]
[BlackTitle "GM"]
[WhiteElo "2589"]
[BlackElo "2584"]
[WhiteFideId "4107012"]
[BlackFideId "4104226"]
[EventDate "2018.12.29"]
[EventType "blitz"]

1. e4 c5 2. Nf3 d6 3. Bb5+ Nd7 4. Ba4 Nf6 5. O-O Nxe4 6. Re1 Nf6 7. d4 cxd4 8.
Nxd4 e6 9. Nb5 a6 10. Nxd6+ Bxd6 11. Qxd6 Qe7 12. Qxe7+ Kxe7 13. c4 b6 14. Nc3
Bb7 15. Bd1 Rac8 16. b3 Nc5 17. Ba3 Rhd8 18. Na4 Nd7 19. Be2 Ke8 20. Nc3 Ne5 21.
Red1 Ncd3 22. f3 b5 23. Ne4 Bxe4 24. fxe4 bxc4 25. bxc4 Rxc4 26. Rab1 Rxe4 27.
Rb7 Rd5 28. Bf1 Red4 29. Rdb1 Rd7 30. Rb8+ Rd8 31. R8b7 R4d7 32. Rxd7 Rxd7 33.
Rb8+ Rd8 34. Rb7 g5 35. Re7+ Kf8 36. Rd7+ Ke8 37. Re7+ Kf8 38. Rxe6+ Kg7 39.
Rxa6 Rb8 40. Bd6 Rb1 41. Ra3 f6 42. h3 Nf4 43. Re3 Nc4 44. Re7+ Kg6 45. Bc5 Nd2
46. a4 Rxf1+ 47. Kh2 Ra1 0-1

[Event "World Blitz 2018"]
[Site "St Petersburg RUS"]
[Date "2018.12.30"]
[Round "20.61"]
[White "Zhigalko, Andrey"]
[Black "Levin, Evgeny A."]
[Result "0-1"]
[WhiteTitle "GM"]
[BlackTitle "GM"]
[WhiteElo "2545"]
[BlackElo "2516"]
[WhiteFideId "13502247"]
[BlackFideId "4182596"]
[EventDate "2018.12.29"]
[EventType "blitz"]

1. e4 Nf6 2. e5 Nd5 3. d4 d6 4. Nf3 dxe5 5. Nxe5 c6 6. Be2 Bf5 7. O-O Nd7 8. Nf3
e6 9. c4 N5f6 10. Nh4 Bxb1 11. Rxb1 Bd6 12. Qc2 O-O 13. b4 Re8 14. Rd1 a6 15. g3
b5 16. Bf3 Rc8 17. c5 Be7 18. a4 g6 19. Bg2 Nd5 20. Nf3 Qc7 21. Ne1 Bf6 22. Bxd5
exd5 23. Bf4 Qb7 24. Nf3 Re4 25. Re1 Rce8 26. Rxe4 Rxe4 27. axb5 axb5 28. Qb2
Nf8 29. Be5 Bxe5 30. Nxe5 Ne6 31. Nf3 Qe7 32. Ra1 Qf6 33. Kg2 Nxd4 34. Ra3 Kg7
35. Nxd4 Qxd4 36. Qxd4+ Rxd4 37. Ra6 Rxb4 38. Rxc6 Rc4 39. h4 h5 40. Kf3 b4 41.
Ke3 b3 42. Rb6 Rxc5 43. Rxb3 Rc6 44. Kd4 Rf6 45. f4 Rd6 46. Rb5 Kf6 47. Rb6 0-1

[Event "World Blitz 2018"]
[Site "St Petersburg RUS"]
[Date "2018.12.30"]
[Round "20.64"]
[White "Tukhaev, Adam"]
[Black "Shinkevich, Vitaly"]
[Result "0-1"]
[WhiteTitle "GM"]
[BlackTitle "IM"]
[WhiteElo "2527"]
[BlackElo "2439"]
[WhiteFideId "14109476"]
[BlackFideId "4122690"]
[EventDate "2018.12.29"]
[EventType "blitz"]

1. e4 c5 2. Nf3 d6 3. d4 cxd4 4. Nxd4 Nf6 5. Nc3 g6 6. Be3 Bg7 7. f3 O-O 8. Qd2
Nc6 9. O-O-O d5 10. Qe1 e6 11. h4 Qe7 12. exd5 exd5 13. Qd2 Be6 14. g4 Rfe8 15.
Bf2 Rac8 16. h5 a6 17. hxg6 hxg6 18. Kb1 Qd6 19. Nce2 Nd7 20. Nxc6 bxc6 21. Bd4
Ne5 22. Qf4 c5 23. Bc3 d4 24. b3 Qc6 25. Bb2 Qxf3 26. Qh2 Nxg4 27. Qh7+ Kf8 28.
Rh3 Qf2 29. Nc1 Ne3 30. Rxe3 Qxe3 31. Qh2 Bf5 32. Bd3 Bxd3 33. Nxd3 Qe2 34. Qd6+
Kg8 35. Rc1 c4 36. bxc4 Rxc4 37. Qxa6 Rec8 38. Nb4 d3 39. Bxg7 Rxb4+ 40. Ka1
Kxg7 41. Qxc8 d2 42. Qc3+ Kg8 43. Qc8+ Kg7 44. Qc3+ Kg8 45. Qc8+ Kg7 46. Qc3+ f6
47. Qc7+ Kh6 48. Rh1+ Kg5 49. Rg1+ Rg4 50. Qc5+ f5 51. Rxg4+ Kxg4 52. Qg1+ Kh5
53. Qh1+ Kg5 54. Qg1+ Kh6 55. Qh1+ Kg7 56. Qb7+ Kh6 57. Qh1+ Kg5 58. Qg1+ Kf4
59. Qd4+ Kf3 60. Qd5+ Kg3 61. Qd6+ Kf3 62. Qd5+ Kg4 63. Qd4+ f4 64. Qg1+ Kf3 65.
Qh1+ Qg2 66. Qd1+ Ke3 67. Kb2 f3 68. Kc3 Qe2 69. Qg1+ f2 70. Qg5+ Kf3 71. Qf6+
Kg2 72. Qxg6+ Kh3 73. Qh6+ Kg3 74. Qg5+ Qg4 75. Qe5+ Qf4 76. Qg7+ Kf3 77. Qb7+
Ke2 78. Qb5+ Ke1 79. Qd5 d1=Q 80. Qh1+ f1=Q 81. Qe4+ Qxe4 0-1

[Event "World Blitz 2018"]
[Site "St Petersburg RUS"]
[Date "2018.12.30"]
[Round "20.71"]
[White "Sanikidze, Tornike"]
[Black "Alekseev, Evgeny"]
[Result "1-0"]
[WhiteTitle "GM"]
[BlackTitle "GM"]
[WhiteElo "2507"]
[BlackElo "2639"]
[WhiteFideId "13602608"]
[BlackFideId "4138147"]
[EventDate "2018.12.29"]
[EventType "blitz"]

1. d4 Nf6 2. c4 e6 3. Nf3 d5 4. Nc3 Bb4 5. cxd5 exd5 6. Bg5 Nbd7 7. e3 h6 8. Bh4
g5 9. Bg3 Ne4 10. Nd2 Nxg3 11. hxg3 Nb6 12. Bd3 c6 13. Qc2 Be6 14. a3 Bf8 15. f4
Qe7 16. O-O-O O-O-O 17. Kb1 Kb8 18. Rde1 Bg7 19. Nb3 Bc8 20. Nc5 Rde8 21. Qb3
Qc7 22. Qb4 Ka8 23. Re2 Bg4 24. Ree1 Nc8 25. Qb3 Nd6 26. Ka1 Re7 27. Be2 Bc8 28.
Bf3 Qb6 29. Qc2 Rhe8 30. fxg5 hxg5 31. Qf2 Nc4 32. Bxd5 Nxe3 33. Bb3 Bxd4 34.
N3a4 Qa5 35. Rc1 Bf5 36. Qf3 Bg6 37. Nxb7 Rxb7 38. Qxc6 Rb8 39. Rhe1 Nf5 40. Bd5
Qd8 41. Rcd1 Bf6 42. Nc5 Bxb2+ 43. Ka2 Qa5 44. Qxb7+ Rxb7 45. Re8+ 1-0

[Event "World Blitz 2018"]
[Site "St Petersburg RUS"]
[Date "2018.12.30"]
[Round "20.72"]
[White "Shaposhnikov, Evgeny"]
[Black "Gaifullin, Artur"]
[Result "1-0"]
[WhiteTitle "GM"]
[BlackTitle "FM"]
[WhiteElo "2576"]
[BlackElo "2448"]
[WhiteFideId "4122232"]
[BlackFideId "24168653"]
[EventDate "2018.12.29"]
[EventType "blitz"]

1. Nf3 Nf6 2. c4 e6 3. d4 d5 4. Nc3 Bb4 5. e3 O-O 6. Bd2 b6 7. Rc1 Bb7 8. cxd5
Nxd5 9. Bd3 c5 10. a3 cxd4 11. exd4 Nxc3 12. bxc3 Be7 13. O-O h6 14. Ne5 Nd7 15.
Ng4 Nf6 16. a4 Qd5 17. Ne3 Qd7 18. Bb5 Qc7 19. f3 Bd6 20. g3 Nd5 21. Nxd5 Bxd5
22. c4 Bb7 23. c5 bxc5 24. Be3 Bxg3 25. Rxc5 Bxh2+ 26. Kh1 Qb8 27. Qd2 Bd6 28.
Rh5 Be7 29. Bf4 Qd8 30. Bxh6 Bf6 31. Be3 g6 32. Qg2 Bg7 33. Rg5 Qf6 34. Bd3 Rad8
35. Be4 Bxe4 36. fxe4 Qe7 37. e5 Qd7 38. Qh3 Qxa4 39. Rf2 Qd1+ 40. Rg1 Qb3 41.
Rh2 Rfe8 42. Qh7+ Kf8 43. Bg5 Qd5+ 44. Rgg2 f5 45. exf6 Rd7 46. fxg7+ Rxg7 47.
Bh6 Re7 48. Qh8+ Kf7 49. Qxg7+ Ke8 50. Qxg6+ Kd7 51. Bg5 Re8 52. Qf7+ 1-0

[Event "World Blitz 2018"]
[Site "St Petersburg RUS"]
[Date "2018.12.30"]
[Round "20.83"]
[White "Tsoi, Dmitry"]
[Black "Hirneise, Tobias"]
[Result "1/2-1/2"]
[WhiteTitle "FM"]
[BlackTitle "IM"]
[WhiteElo "2424"]
[BlackElo "2464"]
[WhiteFideId "24194697"]
[BlackFideId "24600881"]
[EventDate "2018.12.29"]
[EventType "blitz"]

1. e4 c5 2. Be2 Nc6 3. f4 g6 4. d3 Bg7 5. Nf3 d6 6. O-O e5 7. c3 Nge7 8. a4 O-O
9. Na3 exf4 10. Bxf4 h6 11. Nc4 d5 12. exd5 Nxd5 13. Bd6 Ne3 14. Nxe3 Qxd6 15.
Nc4 Qc7 16. Nfd2 f5 17. Qc2 Be6 18. Rae1 Rae8 19. Bf3 Kh7 20. Qd1 Bg8 21. Rxe8
Rxe8 22. Re1 Rd8 23. Qc2 b6 24. Nf1 Ne5 25. Nxe5 Bxe5 26. g3 Rd7 27. Ne3 Bxg3
28. hxg3 Qxg3+ 29. Ng2 Qxf3 30. Re3 Qg4 31. c4 f4 32. Re4 Rf7 33. Qd2 g5 34. Qe1
Qg3 35. Qxg3 fxg3 36. Re3 Kg7 37. Rxg3 Bh7 38. Re3 h5 39. a5 Rd7 40. axb6 axb6
41. Ne1 Rd6 42. Re5 Kf6 43. Re3 g4 44. Kf2 h4 45. Ng2 Bxd3 46. Nxh4 Bxc4 47. b3
Be6 48. Kg3 b5 49. Ng2 Rd4 50. Nf4 Bf5 51. Rc3 c4 52. bxc4 Rxc4 53. Rb3 b4 54.
Rxb4 Rc3+ 55. Kg2 Kg5 56. Nd5 Rc2+ 57. Kg3 Rd2 58. Ne7 Be6 59. Rb5+ Kf6 60. Nc6
Rd3+ 61. Kf2 g3+ 62. Ke2 Bc4 63. Ne5 Bxb5 64. Nxd3 Bxd3+ 65. Kf3 Ke5 1/2-1/2

[Event "World Blitz 2018"]
[Site "St Petersburg RUS"]
[Date "2018.12.30"]
[Round "20.84"]
[White "Guimaraes, Diogo Duarte"]
[Black "Teske, Henrik"]
[Result "1/2-1/2"]
[WhiteTitle "FM"]
[BlackTitle "GM"]
[WhiteElo "2278"]
[BlackElo "2483"]
[WhiteFideId "2112450"]
[BlackFideId "4611500"]
[EventDate "2018.12.29"]
[EventType "blitz"]

1. e4 c5 2. Nf3 Nc6 3. d4 cxd4 4. Nxd4 d6 5. Bb5 Bd7 6. O-O g6 7. b3 Bg7 8. Bb2
Nf6 9. Nc3 O-O 10. Re1 Rc8 11. Nxc6 bxc6 12. Ba6 Rb8 13. e5 Ng4 14. exd6 exd6
15. Be2 Qa5 16. Na4 Bxb2 17. Nxb2 Qe5 18. Bxg4 Bxg4 19. Qxg4 Qxb2 20. Qc4 c5 21.
Rad1 Rb4 22. Qd5 Qxa2 23. Qxd6 Qxc2 24. Ra1 Rxb3 25. Rxa7 Rb1 26. Re7 Rxe1+ 27.
Rxe1 c4 28. h4 h5 29. Qc5 Rd8 30. Qc7 Rd1 31. Rxd1 Qxd1+ 32. Kh2 Qd4 33. Kg1
Qxh4 34. Qb8+ Kh7 35. Qa7 Qf4 36. Qc5 Kg8 37. Qc8+ Kh7 38. Qb7 Qc1+ 39. Kh2 Qf4+
40. Kg1 c3 41. Qc6 Qc1+ 42. Kh2 Qf4+ 43. Kg1 Qe5 44. Qc4 Kg8 45. Qc8+ Kh7 46.
Qc4 Qe1+ 47. Kh2 Qe5+ 48. Kg1 Qe1+ 49. Kh2 Qxf2 50. Qxc3 Qf4+ 51. Kg1 h4 52. Qb3
Kh6 53. Qc3 Kg5 54. Qc5+ Kh6 55. Qf8+ Kh7 56. Qc5 Qg4 57. Qc7 Qf5 58. Qc4 Qf6
59. Kh2 Qe5+ 60. Kg1 Qf6 61. Kh2 g5 62. Qe4+ Kh6 63. Qa8 Qe5+ 64. Kg1 Kg6 65.
Qg8+ Qg7 66. Qb8 Qd4+ 67. Kh1 Qd1+ 68. Kh2 Qd5 69. Qg8+ Kf6 70. Qh8+ Ke7 71. Qh5
Qe5+ 72. Kh1 Qe1+ 73. Kh2 Qg3+ 74. Kh1 Qe1+ 75. Kh2 Qe5+ 76. Kh1 Ke6 77. Qh6+ f6
78. Qh5 Qe1+ 79. Kh2 Qe5+ 80. Kh1 Qe4 81. Qe8+ Kf5 82. Qd7+ Kf4 83. Qd6+ Kf5 84.
Qd7+ Kg6 85. Qc8 Qd5 86. Qe8+ Qf7 87. Qe4+ Kh6 88. Qa8 Kg6 89. Qe4+ f5 90. Qc6+
Kh5 91. Qa8 Qf6 92. Qe8+ Kh6 93. Kh2 Qd6+ 94. Kh1 Qf6 95. Qe3 Kg6 96. Qe8+ Kg7
97. Qd7+ Kh6 98. Qd2 Qc6 99. Qd8 Kg6 100. Qg8+ Kf6 101. Qf8+ Kg6 102. Qg8+ Kh5
103. Qb3 Qd7 104. Qf3+ g4 105. Qc3 Kg5 106. Qc1+ Kg6 107. Kh2 Qd6+ 108. Kh1 Qd5
109. Kh2 Qe5+ 110. Kh1 Qd6 111. Qe1 g3 112. Qe8+ Kg5 113. Qg8+ Kf4 114. Qb3 Qc6
115. Qb4+ Qe4 116. Qd6+ Ke3 117. Qc5+ Qd4 118. Qc1+ Qd2 119. Qc5+ Ke4 120. Qe7+
Kd3 121. Qa3+ Qc3 122. Qd6+ Ke4 123. Qe7+ Kd3 124. Qd6+ Ke2 125. Qe6+ Qe3 126.
Qa2+ Kd3 127. Qb3+ Ke4 128. Qe6+ Kd4 129. Qd5+ Kc3 130. Qc4+ Kb2 131. Qc2+ Ka3
132. Qa4+ Kb2 133. Qc2+ 1/2-1/2

[Event "World Blitz 2018"]
[Site "St Petersburg RUS"]
[Date "2018.12.30"]
[Round "21.17"]
[White "Jones, Gawain C B"]
[Black "Golubov, Saveliy"]
[Result "1/2-1/2"]
[WhiteTitle "GM"]
[BlackTitle "IM"]
[WhiteElo "2682"]
[BlackElo "2482"]
[WhiteFideId "409561"]
[BlackFideId "24176729"]
[EventDate "2018.12.29"]
[EventType "blitz"]

1. e4 c5 2. Nf3 e6 3. c3 d5 4. exd5 exd5 5. Bb5+ Nc6 6. O-O Nf6 7. d4 Be7 8.
dxc5 Bxc5 9. Re1+ Be6 10. Be3 Bxe3 11. Rxe3 O-O 12. h3 Qb6 13. a4 Rad8 14. Nd4
Nxd4 15. Qxd4 Qxd4 16. cxd4 Ne4 17. Nc3 Nxc3 18. Rxc3 Rc8 19. Rac1 Rxc3 20. Rxc3
Rc8 21. Rxc8+ Bxc8 22. Kf1 Kf8 23. Ke2 Ke7 24. Ke3 Kd6 25. Be2 Bd7 26. b3 Bf5
27. a5 Bd7 28. Kf4 f6 29. h4 b6 30. axb6 axb6 31. Bd3 h6 32. h5 Be8 33. g4 Bd7
34. Bf5 Bb5 35. Bh7 Bd7 36. Bd3 Ke7 37. Bf5 Bb5 38. Bc8 Bd3 39. Bf5 Bb5 40. Ke3
Kd6 41. Kd2 Ke7 42. Kc3 Kd6 43. Kb4 Be2 44. Kc3 Ke7 45. Kd2 Bb5 46. Ke3 Kd6 47.
Bh7 Bd7 48. Kf4 Ke7 49. Bg8 Kd6 50. Bf7 Bc8 51. Be8 Ke7 52. Bc6 Kd6 53. Bb5 Ke7
54. f3 Kd6 55. Bd3 Bd7 56. Bf5 Bb5 57. Bc2 Bd7 58. Kg3 Ke7 59. Bd3 Kd6 60. Kh4
Ke7 61. Ba6 Kd6 62. Be2 Ke7 63. f4 Kd6 64. Bf3 Be6 65. g5 Bf5 66. Be2 Be4 67.
Kg4 Bc2 68. b4 Ke6 69. gxh6 gxh6 70. Kg3 Be4 71. Bg4+ Bf5 72. b5 Bxg4 73. Kxg4
f5+ 74. Kg3 1/2-1/2

[Event "World Blitz 2018"]
[Site "St Petersburg RUS"]
[Date "2018.12.30"]
[Round "21.21"]
[White "Yu, Yangyi"]
[Black "Alekseenko, Kirill"]
[Result "1-0"]
[WhiteTitle "GM"]
[BlackTitle "GM"]
[WhiteElo "2764"]
[BlackElo "2638"]
[WhiteFideId "8603820"]
[BlackFideId "4135539"]
[EventDate "2018.12.29"]
[EventType "blitz"]

1. d4 d5 2. c4 dxc4 3. Nf3 a6 4. e3 Bg4 5. Bxc4 e6 6. O-O Nf6 7. h3 Bh5 8. Nc3
Nc6 9. Be2 Bd6 10. Nd2 Bxe2 11. Qxe2 O-O 12. Nf3 e5 13. d5 Ne7 14. e4 Ng6 15.
Be3 Nd7 16. Nd2 Qe7 17. a3 f5 18. exf5 Rxf5 19. Nde4 Raf8 20. Rad1 Nh4 21. Qg4
h5 22. Qg3 Qd8 23. Ng5 Ng6 24. Ne6 Qe8 25. Nxf8 Ndxf8 26. Ne4 Nd7 27. Bg5 Ndf8
28. Rfe1 Qf7 29. h4 Nh7 30. Re3 Nf4 31. Rd2 Nxg5 32. Nxg5 Qf6 33. Ne4 Qf7 34.
Rf3 Qe7 35. Kh1 Rf8 36. Qg5 Qd7 37. Rg3 Kh7 38. Rf3 Rf5 39. Qg3 Qb5 40. Kg1 Qc4
41. Rxf4 Rxf4 42. Ng5+ Kg8 43. Qh3 Qc1+ 44. Kh2 Rg4 45. Re2 e4+ 46. g3 Qc4 47.
Qf1 Rxh4+ 48. Kg2 Rg4 49. Nh3 Qxd5 50. Re3 h4 51. Qe2 Rg6 52. Rxe4 hxg3 53. f3
Kf7 54. Qe3 Kf8 55. Nf4 Bxf4 56. Qxf4+ Rf6 57. Qe3 Kg8 58. Re5 Qd7 59. Re8+ Kf7
60. Re4 Qd6 61. Qb3+ Kg6 62. Re2 b5 63. Qc2+ Kf7 64. Qh7 Qd5 65. Re4 Qd2+ 66.
Kxg3 Qg5+ 67. Rg4 Qe5+ 68. f4 Qe3+ 69. Kg2 Qe2+ 70. Kg3 Qe1+ 71. Kg2 Qd2+ 72.
Kg3 Qe3+ 73. Kg2 Qe2+ 74. Kg3 Qe1+ 75. Kg2 Qe2+ 76. Kg3 Qe3+ 77. Kg2 Qd2+ 78.
Kg3 Qe3+ 79. Kg2 Ke6 80. Qg8+ Kd6 81. Qxg7 Re6 82. Qf8+ Kc6 83. Qa8+ Kb6 84.
Qb8+ Kc6 85. Qa8+ Kb6 86. Qb8+ Kc6 87. Qa8+ Kb6 88. Qb8+ Kc6 89. Qa8+ Kd6 90.
Qd8+ Kc6 91. Qa8+ Kb6 92. Qb8+ Kc6 93. Qa8+ Kd6 94. Qd8+ Kc6 95. Qa8+ Kc5 96.
Rg5+ Kc4 97. Qd5# 1-0

[Event "World Blitz 2018"]
[Site "St Petersburg RUS"]
[Date "2018.12.30"]
[Round "21.22"]
[White "Anton Guijarro, David"]
[Black "Mamedov, Rauf"]
[Result "0-1"]
[WhiteTitle "GM"]
[BlackTitle "GM"]
[WhiteElo "2642"]
[BlackElo "2703"]
[WhiteFideId "2285525"]
[BlackFideId "13401653"]
[EventDate "2018.12.29"]
[EventType "blitz"]

1. Nf3 c5 2. e4 d6 3. Bb5+ Nd7 4. c3 a6 5. Bd3 g6 6. Bc2 Bg7 7. d4 Qc7 8. O-O
Ngf6 9. a4 O-O 10. h3 b6 11. Re1 e5 12. d5 Nh5 13. g3 Rb8 14. Kg2 b5 15. axb5
axb5 16. Be3 Nb6 17. b3 f5 18. exf5 gxf5 19. Nxe5 Bxe5 20. Qxh5 Nxd5 21. Bh6 Bb7
22. Kg1 Kh8 23. Bxf8 Rxf8 24. Nd2 Qc6 25. Nf3 Nf6 26. Qh6 Qxf3 27. Qxf8+ Ng8 28.
Be4 Bxe4 29. Rxe4 fxe4 30. Qxf3 exf3 31. Rd1 c4 32. bxc4 bxc4 33. Re1 Nf6 34.
Re3 Nd5 35. Re4 Nb6 36. Re3 Kg7 37. Kf1 Na4 38. Re4 Nb2 39. Re3 Nd3 40. Rxf3
Bxc3 41. Rf5 Be5 42. Ke2 Kg6 43. Rf8 Nc5 44. f4 Bf6 45. Rc8 c3 46. Rc6 c2 47.
Rxc5 dxc5 48. Kd2 Kf5 49. Kxc2 c4 50. Kd2 0-1

[Event "World Blitz 2018"]
[Site "St Petersburg RUS"]
[Date "2018.12.30"]
[Round "21.37"]
[White "Bazeev, German"]
[Black "Mchedlishvili, Mikheil"]
[Result "0-1"]
[BlackTitle "GM"]
[WhiteElo "2416"]
[BlackElo "2610"]
[WhiteFideId "24119350"]
[BlackFideId "13600966"]
[EventDate "2018.12.29"]
[EventType "blitz"]

1. d4 d6 2. Nf3 g6 3. c4 Bg7 4. Nc3 Bg4 5. g3 Bxf3 6. exf3 e6 7. Be3 Ne7 8. Qb3
Qc8 9. h4 h5 10. Rd1 Nf5 11. Bh3 Nxe3 12. fxe3 Nd7 13. O-O O-O 14. g4 Qd8 15. g5
Rb8 16. f4 Re8 17. Qc2 c6 18. e4 Qc7 19. Qf2 c5 20. e5 cxd4 21. Nb5 Qxc4 22.
Nxd6 Qxa2 23. Nxe8 Rxe8 24. Qxd4 Nb6 25. Ra1 Qb3 26. Qc3 Qb5 27. Ra5 Qe2 28. Bg2
Bf8 29. Bf3 Qc4 30. Qxc4 Nxc4 31. Ra2 Nd2 32. Rf2 Bc5 33. Bxb7 Rb8 34. Bc6 Rb6
35. Ba8 Nc4 36. b4 Rxb4 37. Rc2 a5 38. Bc6 a4 39. Kh2 Bxf2 40. Rxf2 a3 0-1